000 00409nam a2200157Ia 4500
003 GCL
008 140319s9999 xx 000 0 ara d
040 _aGCL /
_cGCL
082 0 4 _a812
_bم ف
100 1 _aمحمد مندور
245 1 0 _aفى المسرح العالمى /
_cمحمد مندور
490 _aكتاب
_v0
650 0 4 _aالمسرحية
650 0 4 _aتاريخ ونقد
942 _2ddc
_cBK
999 _c42587
_d42587